Les chansons françaises les plus écoutées - Statistiques

Statistiques générales
  • Ce quiz a été pris 150 fois
  • Le résultat moyen est 10 sur 15
Statistiques - réponses
Titre Streams Artiste % Correct
Alors on danse 742M Stromae
98%
Djadja 481M Aya Nakamura
93%
Dernière danse 488M Indila
90%
Bande organisée 283M 13 Organisé / Jul
83%
Ramenez la coupe à la maison 519M Vegedream
83%
Au DD 221M PNL
73%
Est-ce que tu m'aimes ? 345M GIMS
69%
Macarena 237M Damso
67%
La vie qu'on mène 281M Ninho
66%
Bad Boy 247M Marwa Loud
60%
Bolide allemand 190M SDM
54%
Casanova 236M Soolking / Gazo
49%
Petit Génie 210M Jungeli
35%
Amour Plastique 311M Videoclub
29%
Je te laisserai des mots 1Md Patrick Watson
17%
Aucun quiz correspondant
Distribution des résultats
% des personnes avec chaque résultat
Percentile par nombre de réponses
Votre historique - résultats
Vous n’avez pas pris ce quiz